000 00614nam a2200181Ia 4500
005 20260429112239.0
008 260429s9999||||xx |||||||||||||| ||und||
020 _a9789348033888
041 _aHindi
082 _a891.43
_bSHU
100 _aशुक्ल, आचार्य रामचंद्र
245 0 _aजॉयसी ग्रंथावली /
_cआचार्य रामचंद्र शुक्ल
250 _a0
260 _aनई दिल्ली :
_bप्रकाशन संस्थान,
_c2024.
300 _a489 p.; Hb
650 _aHindi Literature
942 _cTB
999 _c53102
_d53102